000 01074 a2200193 4500
003 Nust
005 20221202184109.0
040 _cNust
082 _a621.381528,COB
100 _aCoblenz, Abraham.
_9103111
245 _aTransistors: theory and applications /
_cAbraham Coblenz and Harry L. Owens
250 _a1st ed
260 _aMcGraw-Hill
_bNew York
_c1955
300 _a313 p
_billus
_c24 cm
505 _aA Short History Of Transistors (Page-1), Holes And The Transistor (Page-9), A Glimpse Of Quantum Mechanics (Page-22), The Electron (Page-34), Nature Of Semiconductor (Page-45), Point Contact Transistors (Page-58), Junction Transistors (Page-73), Electronic Of Transistors (Page-90), Small Signal Parameters (Page-109), Grounded Emitter And Grounded Collector Connections (Page-127), Theory Of Transistor Switching Circuits (Page-146), Cascading Of Transistors (Page-165), Manufacturing Processes (Page-202), Silicon (Page-238), Special Topics (Page-249).
600 _aCoblenz, Abraham.
_9103111
650 _aTelecommunication Engineering
942 _2ddc
_cBK
999 _c182325
_d182325